| 000 | 00926nam a22003017a 4500 | ||
|---|---|---|---|
| 003 | CHAP | ||
| 005 | 20220329135854.0 | ||
| 008 | 971013s1993 r 00010 d | ||
| 010 | _a43603 | ||
| 011 | _a44575 | ||
| 035 | _a48713 | ||
| 040 | _cCHAP | ||
| 082 |
_a630.946 _bO7 |
||
| 100 | 0 | 0 |
_aOrtega Sada, José Luis. _983873 |
| 245 | _aManual de explotaciones agrícolas | ||
| 260 |
_aMadrid : _bMundi Prensa, _c1993 |
||
| 300 | _a495 p. | ||
| 590 |
_aBATCH-UPD _b10 _c20130110 _lUCH01 _h1140 |
||
| 590 |
_aBATCH-UPD _b10 _c20130410 _lUCH01 _h0726 |
||
| 590 |
_aBATCH-UPD _b10 _c20130913 _lUCH01 _h2249 |
||
| 590 |
_aBATCH-UPD _b10 _c20130914 _lUCH01 _h2033 |
||
| 590 |
_aCONVERSION _b10 _c20130109 _lUCH01 _h1324 |
||
| 650 | 1 | 4 |
_aAgricultura _zEspaña. _91923 |
| 650 | 1 | 4 |
_aCultivos _xEspaña. _930268 |
| 901 | _aBK | ||
| 942 | _cLIBRO | ||
| 949 |
_a630.946 O7 _bBC _cLIBRO _d33724000010336 _eLIBRO _gI.177302 _h89145 _i48713 _si _t244.00 |
||
| 999 |
_c43603 _d43603 |
||